[Event "ARG-ch U18"]
[Site "Ibague"]
[Date "2024.03.16"]
[Round "4"]
[White "Rivas Hoyos, Jermain Richard"]
[Black "Moreno Palacios, Alejandro"]
[Result "0-1"]
[WhiteElo "1487"]
[BlackElo "1572"]
[PlyCount "54"]
[EventDate "2024.03.14"]
[EventType "swiss"]
[EventRounds "7"]
[EventCountry "COL"]
[SourceTitle "CB12_2024"]
[SourceDate "2023.10.01"]
[SourceVersion "1"]
[SourceVersionDate "2023.10.01"]
[SourceQuality "1"]

1. d4 g6 2. Nf3 Bg7 3. Bf4 Nf6 4. Nc3 d6 5. e4 0-0 6. Bc4 c5 7. Be3 Ng4 8. 0-0 Nxe3 9. fxe3 Nc6 10. Ng5 e6 11. Nf3 Qb6 12. d5 Qxb2 13. dxc6 Qxc3 14. Bb5 Qxe3+ 15. Kh1 Bxa1 16. Qxd6 Qxe4 17. Rxa1 Qd5 18. Qc7 c4 19. c3 Qxb5 20. Nd4 Qb6 21. Qe7 bxc6 22. Rf1 Qb7 23. Qf6 c5 24. Ne2 Qe4 25. Ng3 Qd5 26. Rf5 exf5 27. Nh5 Qd1# 0-1

[Event "ARG-ch U18"]
[Site "Ibague"]
[Date "2024.03.15"]
[Round "3"]
[White "Moreno Palacios, Alejandro"]
[Black "Obando Alzate, Mathias"]
[Result "1-0"]
[WhiteElo "1572"]
[BlackElo "1400"]
[PlyCount "73"]
[EventDate "2024.03.14"]
[EventType "swiss"]
[EventRounds "7"]
[EventCountry "COL"]
[SourceTitle "CB12_2024"]
[SourceDate "2023.10.01"]
[SourceVersion "1"]
[SourceVersionDate "2023.10.01"]
[SourceQuality "1"]

1. e4 e5 2. Nf3 Nc6 3. Bc4 Nf6 4. d4 d6 5. dxe5 dxe5 6. Qxd8+ Nxd8 7. Nxe5 Nxe4 8. 0-0 Bc5 9. Be3 Bb6 10. Bxb6 axb6 11. Re1 Bf5 12. g4 Nd6 13. gxf5 Nxf5 14. Nxf7+ Kf8 15. Nxh8 Nd4 16. Na3 Nf3+ 17. Kf1 Nxe1 18. Rxe1 Nc6 19. Nb5 Nb4 20. Nxc7 Rc8 21. Ne6+ Kg8 22. Nd8+ Kf8 23. Ne6+ Kg8 24. Bb3 Kxh8 25. Nc7 Rf8 26. Re8 Rxe8 27. Nxe8 Nc6 28. Nd6 Nd8 29. Bd5 h6 30. Nxb7 Nxb7 31. Bxb7 Kh7 32. b4 g5 33. a4 h5 34. a5 h4 35. a6 Kh6 36. a7 Kh5 37. a8Q 1-0

[Event "Rivera Huila Hernandez Memorial-B"]
[Site "Rivera Huila"]
[Date "2023.07.23"]
[Round "6"]
[White "Padilla, Jorge Andres"]
[Black "Moreno Palacios, Alejandro"]
[Result "1-0"]
[WhiteElo "1454"]
[BlackElo "1463"]
[PlyCount "45"]
[EventDate "2023.07.20"]
[EventType "swiss"]
[EventRounds "7"]
[EventCountry "COL"]
[SourceTitle "CBM 215 Extra"]
[Source "ChessBase"]
[SourceDate "2023.09.30"]
[SourceVersion "1"]
[SourceVersionDate "2023.09.30"]
[SourceQuality "1"]

1. d4 g6 2. e4 Bg7 3. Bf4 d6 4. Nc3 Nf6 5. Qd2 0-0 6. 0-0-0 e5 7. dxe5 dxe5 8. Qxd8 Rxd8 9. Rxd8+ Bf8 10. Bh6 Nbd7 11. g3 Ng4 12. Bxf8 Nxf8 13. Nh3 Kg7 14. Bc4 b6 15. Bd5 Rb8 16. Ng5 Nh6 17. Bc4 Nd7 18. Ba6 Bxa6 19. Rxd7 Rc8 20. Rhd1 Bc4 21. b3 Ba6 22. f3 Kf6 23. Nxh7+ 1-0

[Event "Rivera Huila Hernandez Memorial-B"]
[Site "Rivera Huila"]
[Date "2023.07.22"]
[Round "4"]
[White "Moreno Palacios, Alejandro"]
[Black "Ceballos Castellanos, Isabela"]
[Result "0-1"]
[WhiteElo "1463"]
[BlackElo "1675"]
[PlyCount "92"]
[EventDate "2023.07.20"]
[EventType "swiss"]
[EventRounds "7"]
[EventCountry "COL"]
[SourceTitle "CBM 215 Extra"]
[Source "ChessBase"]
[SourceDate "2023.09.30"]
[SourceVersion "1"]
[SourceVersionDate "2023.09.30"]
[SourceQuality "1"]

1. e4 c5 2. Nf3 a6 3. d4 cxd4 4. Nxd4 e5 5. Nf5 d5 6. Bd3 Bxf5 7. exd5 Bxd3 8. Qxd3 Nf6 9. c4 Bb4+ 10. Bd2 Bxd2+ 11. Nxd2 0-0 12. 0-0 a5 13. Rfe1 Nbd7 14. Qg3 Re8 15. Nf3 e4 16. Nd4 Qb8 17. Qc3 Nc5 18. a3 Nd3 19. Re3 Nxf2 20. Rg3 N2g4 21. h3 e3 22. d6 Qxd6 23. Nf5 Qd2 24. hxg4 Qxc3 25. bxc3 e2 26. Re1 Rad8 27. Nd4 Rc8 28. Rxe2 Rxe2 29. Nxe2 Rxc4 30. Rd3 g5 31. Rd8+ Kg7 32. Rb8 Rc7 33. a4 Nxg4 34. g3 h6 35. Re8 Kf6 36. Re4 Ne5 37. g4 Rc4 38. Rxc4 Nxc4 39. Ng3 Nb2 40. Ne4+ Ke5 41. Nc5 Kd5 42. Nxb7 Nxa4 43. Nxa5 Nxc3 44. Nb3 Ke4 45. Kg2 Kf4 46. Kh3 Ne4 0-1

[Event "COL-ch U12"]
[Site "Choconta"]
[Date "2023.03.19"]
[Round "4"]
[White "Moreno Palacios, Alejandro"]
[Black "Castro Lombana, Juan Pablo"]
[Result "0-1"]
[WhiteElo "1500"]
[BlackElo "1367"]
[PlyCount "58"]
[EventDate "2023.03.17"]
[EventType "swiss"]
[EventRounds "7"]
[EventCountry "COL"]
[SourceTitle "CBM 213 Extra"]
[Source "ChessBase"]
[SourceDate "2023.05.31"]
[SourceVersion "1"]
[SourceVersionDate "2023.05.31"]
[SourceQuality "1"]

1. e4 c5 2. Nf3 a6 3. d4 cxd4 4. Nxd4 e6 5. a3 Qc7 6. Nc3 Nc6 7. Be3 b5 8. Qd2 Nf6 9. e5 Qxe5 10. Nxc6 dxc6 11. 0-0-0 Nd5 12. g3 Be7 13. Bg2 0-0 14. Bxd5 cxd5 15. Bd4 Qc7 16. h4 Bb7 17. f4 Rfc8 18. g4 Bd6 19. f5 e5 20. Bf2 d4 21. Nb1 Be4 22. Rde1 Qxc2+ 23. Qxc2 Rxc2+ 24. Kd1 Rac8 25. Nd2 Bd3 26. Nb3 Rxb2 27. Na1 Rxf2 28. Rhg1 Bxa3 29. Rxe5 Ra8 0-1